| 000 | 00640cam a2200229 4500 | ||
|---|---|---|---|
| 008 | 090401t1987 xxu||||| |||| 00| 0 eng d | ||
| 020 | _a0947877665 | ||
| 035 | _a(Sirsi) u69914 | ||
| 041 | _aeng | ||
| 050 | _a692.8 | ||
| 110 |
_aJoint Contracts Tribunal _93664 |
||
| 245 | _aPractice note 22 and guide to the amendments to the insurance and related liability provisions: 1986 | ||
| 260 |
_aLondon _bRIBA Publications Ltd _c1987 |
||
| 300 | _a53,58p. ; 30cm. | ||
| 350 | _a8.5 | ||
| 490 |
_aJCT Practice Note _v22 |
||
| 650 |
_aInsurance _96249 |
||
| 650 | _aJCT | ||
| 650 | _aSUBCONTRACTS | ||
| 942 | _n0 | ||
| 948 | _c04/03/1997 | ||
| 999 |
_c95251 _d95251 |
||